| 000 | nam a22 a 4500 | ||
|---|---|---|---|
| 999 |
_c122851 _d122851 |
||
| 003 | BLK | ||
| 005 | 20220411112553.0 | ||
| 008 | 180409b bul|||||r ||||||| ||bul|| | ||
| 010 | _aKNG00128499000 | ||
| 040 | _aBLK | ||
| 041 |
_aBUL _cBUL |
||
| 080 |
_aОрганизация на възпитанието и образованието. Училищно дело. _b37.09 _x(497.2)(092) _z37.09(497.2)(092) |
||
| 080 |
_aТрадиционни, основни учебни средства и помагала - Литература върху учебници, учебни помагала, списания, вестници, картини и др. _b371.67 _x(497.2)(091) _z371.67(497.2)(091) |
||
| 080 |
_aАтанасов, Петър Хаджиберович. Български лекар, стопански и просветен деец и и дарител, учен-енциклопедист, педагог, философ и естественик _b929 Берон, Петър _z929 Берон, Петър |
||
| 100 | 1 |
_aАтанасов, Жечо Господинов _eпърви автор _9364564 |
|
| 139 |
_aАтанасов, Жечо Господинов _bА 93 |
||
| 245 | 1 | 0 |
_aПетър Берон и Рибният буквар _bПо случай 140 г. от излизането на буквара _cЖечо Господинов Атанасов |
| 257 | _aBGR | ||
| 260 |
_bНар. просв. _c1964 _aСофия |
||
| 300 |
_a48 с., 1 л. портр., 1 л. ил. _c25 см |
||
| 380 | _a3 | ||
| 500 | _aБиблиогр. с. 44-46. - 5 929 тир. | ||
| 600 | 1 | 4 |
_aБерон, Петър _9252404 |
| 650 | 4 |
_aБерон, Петър _9252404 |
|
| 651 | 4 |
_aБългария _9241624 |
|
| 653 | _aПетър Берон | ||
| 653 | _aбуквари | ||
| 852 |
_aЦб 30130 _bЦб |
||
| 856 | 4 | _qpdf | |
| 856 | 4 | _qpdf | |
| 942 |
_cKNG _n0 _01 _s1 |
||
| 944 |
_aCR _c07.03.2012 _l07.03.2012 - от С1,Р / 07.03.2012 _kНаталия_Медовщикова |
||
| 944 |
_aED _c07.03.2012 _l07.03.2012 - от С1,Р / 07.03.2012 |
||
| 999 | _d122851 | ||